Detalles MARC
| 000 -CABECERA |
| campo de control de longitud fija |
01151nam a2200289 a 4500 |
| 001 - NÚMERO DE CONTROL |
| campo de control |
000001819 |
| 005 - FECHA Y HORA DE LA ÚLTIMA TRANSACCIÓN |
| campo de control |
20200929145721.0 |
| 008 - DATOS DE LONGITUD FIJA--INFORMACIÓN GENERAL |
| campo de control de longitud fija |
090629s2008 bl a 000 0 por d |
| 020 ## - NÚMERO INTERNACIONAL ESTÁNDAR DEL LIBRO |
| Número Internacional Estándar del Libro |
9788589309219 (v.1) |
| 020 ## - NÚMERO INTERNACIONAL ESTÁNDAR DEL LIBRO |
| Número Internacional Estándar del Libro |
9788589309226 (V.2) |
| 082 ## - NÚMERO DE LA CLASIFICACIÓN DECIMAL DEWEY |
| Número de clasificación |
981.03 |
| Número de documento/Ítem |
O48h |
| 040 ## - FUENTE DE LA CATALOGACIÓN |
| Centro catalogador/agencia de origen |
DO-SdBNP |
| 100 1# - ENTRADA PRINCIPAL--NOMBRE DE PERSONA |
| Nombre de persona |
Oliveira, Maria Lêda, |
| Fechas asociadas al nombre |
1972- |
| 9 (RLIN) |
5914 |
| 245 12 - MENCIÓN DE TÍTULO |
| Título |
A historia do Brazil de Frei Vicente do Salvador / : |
| Resto del título |
historia e política no império português do século XVII. |
| 246 30 - FORMA VARIANTE DE TÍTULO |
| Título propio/Titulo breve |
História política no império português do século XVII |
| 246 30 - FORMA VARIANTE DE TÍTULO |
| Título propio/Titulo breve |
Historia do Brasil de Frei Vicente do Salvador |
| 260 ## - PUBLICACIÓN, DISTRIBUCIÓN, ETC. |
| Lugar de publicación, distribución, etc. |
Rio de Janeiro |
| -- |
São PauloVersal : |
| Nombre del editor, distribuidor, etc. |
Versal |
| -- |
Odebrescg, |
| Fecha de publicación, distribución, etc. |
2008. |
| 300 ## - DESCRIPCIÓN FÍSICA |
| Extensión |
2 v. : |
| Otras características físicas |
il. ; |
| Dimensiones |
32 cm. |
| 500 ## - NOTA GENERAL |
| Nota general |
Premio Clarival do Prado Valladares |
| 500 ## - NOTA GENERAL |
| Nota general |
Incluye índice |
| 504 ## - NOTA DE BIBLIOGRAFÍA, ETC. |
| Nota de bibliografía, etc. |
Incluye referencias bibliograficas |
| 505 0# - NOTA DE CONTENIDO CON FORMATO |
| Nota de contenido con formato |
v.1. - Estudo. - v.2. A historia do Brasil |
| 600 14 - PUNTO DE ACCESO ADICIONAL DE MATERIA--NOMBRE DE PERSONA |
| Nombre de persona |
VICENTE, |
| Títulos y otros términos asociados al nombre |
DO SALVADOR, FREI, |
| Fechas asociadas al nombre |
1564-1762 |
| 9 (RLIN) |
5915 |
| 651 #4 - PUNTO DE ACCESO ADICIONAL DE MATERIA--NOMBRE GEOGRÁFICO |
| Nombre geográfico |
Brasil |
| Subdivisión general |
Historia |
| Subdivisión cronológica |
1500-1548 |
| 9 (RLIN) |
5916 |
| 651 #4 - PUNTO DE ACCESO ADICIONAL DE MATERIA--NOMBRE GEOGRÁFICO |
| Nombre geográfico |
Portugal |
| Subdivisión general |
Colonias |
| Subdivisión geográfica |
América |
| Subdivisión general |
Historia |
| 9 (RLIN) |
5917 |
| 910 ## - DATOS DE OPCIÓN DEL USUARIO (OCLC) |
| Datos de opción del usuario |
Validado. Control de calidad BNPHU |
| 999 99 - NÚMEROS DE CONTROL DE SISTEMA (KOHA) |
| -- |
0000659 |